00859 a2200205 450000500170000002000180001705000220003510000260005724500840008325000100016726400440017730000140022133600260023533700280026133800270028950502250031665000490054165000320059065000310062220250513071038.0 a378177934794700aKTL1304bMRE 20251 aTaurai Mrewaeauthor.10aA practical step by step guide to Retrenchment Law in Zimbabwe /cMrewa, Taurai aFirst 1aZimbabwe :bDingani Publishers,cc.2025 a115 pages atextbtxt2rdacontent aunmediatedbn2rdamedia avolumebnc2rdacarrier0 aRetrenchment law in context -- Operational requirements -- Consulting for a fair retrenchment -- The consultation agenda - key procedural and substance fairness -- Large-scale retrenchments -- A Fair reason for retrench. 0aEmployeesxDismissal ofxLaw and legislation 0aDownsizing of organizations 0aLabor laws and legislation